书目信息 |
| 题名: |
低温绝热与传热
|
|
| 作者: | 陈国邦 , 林理和 编 | |
| 分册: | ||
| 出版信息: | 杭州 浙江大学出版社 1989.06 |
|
| 页数: | 302页 | |
| 开本: | 16开 | |
| 丛书名: | ||
| 单 册: | ||
| 中图分类: | O513 | |
| 科图分类: | ||
| 主题词: | 低温物理学 | |
| 电子资源: | ||
| ISBN: | 7-308-00233-0 | |
| 000 | 00584nam0 2200205 45 | |
| 001 | 0010061753 | |
| 005 | 20001006173504.5 | |
| 010 | @a7-308-00233-0@d3.38元 | |
| 100 | @a20001006d1989 km y0chiy0120 ea | |
| 101 | 0 | @achi |
| 105 | @a z 000yy | |
| 200 | 1 | @a低温绝热与传热@ADi Wen Jue Re Yu Chuan Re@f陈国邦,林理和编@FChen Guo Bang,Lin Li He Bian |
| 210 | @a杭州@c浙江大学出版社@d1989.06 | |
| 215 | @a302页@d16开 | |
| 606 | 0 | @a低温物理学 |
| 690 | @aO513@v3 | |
| 701 | 0 | @a陈国邦@4编 |
| 701 | 0 | @a林理和@4编 |
| 801 | @aCN@bPftUser@c20001006 | |
| 905 | @b169259-263@dO513@eCH657@f5 | |
| 低温绝热与传热/陈国邦,林理和编.-杭州:浙江大学出版社,1989.06 |
| 302页;16开 |
| ISBN 7-308-00233-0:3.38元 |
| ● |
| 相关链接 |
|
|
|
正题名:低温绝热与传热
索取号:O513/CH657
 
预约/预借
| 序号 | 登录号 | 条形码 | 馆藏地/架位号 | 状态 | 备注 |
| 1 | 169259 | 201692597 | 自科库401/401自科库 59排4列1层/ [索取号:O513/CH657] | 在馆 | |
| 2 | 169260 | 201692604 | 自科库401/401自科库 59排4列1层/ [索取号:O513/CH657] | 在馆 | |
| 3 | 169261 | 201692613 | 自科库401/401自科库 59排4列1层/ [索取号:O513/CH657] | 在馆 | |
| 4 | 169262 | 201692622 | 自科库401/401自科库 59排4列1层/ [索取号:O513/CH657] | 在馆 | |
| 5 | 169263 | 201692631 | 自科库401/401自科库 59排4列1层/ [索取号:O513/CH657] | 在馆 |